<?xml version="1.0" encoding="UTF-8"?>
<collection xmlns="http://www.loc.gov/MARC21/slim">
 <record>
  <leader>04088nam a2200241Ia 4500</leader>
  <controlfield tag="001">CTU_239255</controlfield>
  <controlfield tag="008">210402s9999    xx            000 0 und d</controlfield>
  <datafield tag="082" ind1=" " ind2=" ">
   <subfield code="a">338.13</subfield>
  </datafield>
  <datafield tag="082" ind1=" " ind2=" ">
   <subfield code="b">D513</subfield>
  </datafield>
  <datafield tag="088" ind1=" " ind2=" ">
   <subfield code="a">8620118</subfield>
  </datafield>
  <datafield tag="100" ind1=" " ind2=" ">
   <subfield code="a">Lê, Trí Dũng</subfield>
  </datafield>
  <datafield tag="245" ind1=" " ind2="0">
   <subfield code="a">Giải pháp nâng cao thu nhập cho nông hộ Khmer ở huyện Tam Bình, tỉnh Vĩnh Long :</subfield>
  </datafield>
  <datafield tag="245" ind1=" " ind2="0">
   <subfield code="b">Luận văn tốt nghiệp cao học ngành: Hệ thống Nông nghiệp</subfield>
  </datafield>
  <datafield tag="245" ind1=" " ind2="0">
   <subfield code="c">Lê Trí Dũng ; Đặng Kiều Nhân (cán bộ hướng dẫn)</subfield>
  </datafield>
  <datafield tag="260" ind1=" " ind2=" ">
   <subfield code="a">Cần Thơ</subfield>
  </datafield>
  <datafield tag="260" ind1=" " ind2=" ">
   <subfield code="b">Trường Đại học Cần Thơ</subfield>
  </datafield>
  <datafield tag="260" ind1=" " ind2=" ">
   <subfield code="c">2020</subfield>
  </datafield>
  <datafield tag="520" ind1=" " ind2=" ">
   <subfield code="a">Đề tài nghiên cứu “Giải pháp nâng cao thu nhập cho nông hộ Khmer ở huyện Tam Bình, tỉnh Vĩnh Long” nhằm cung cấp những thông tin cần thiết về thực trạng nguồn lực sinh kế, sự đa dạng hóa sinh kế và các nhân tố ảnh hưởng đến thu nhập của nông hộ Khmer. Từ đó, đề xuất các giải pháp hỗ trợ nông hộ góp phần cải thiện thu nhập và đời sống của nông hộ Khmer. Đề tài sử dụng khung sinh kế bền vững của DFID (1999) làm phương pháp luận. Nghiên cứu tiến hành khảo sát 94 hộ Khmer tại xã Loan Mỹ, huyện Tam Bình, tỉnh Vĩnh Long. Nghiên cứu sử dụng phương pháp phân tích thống kê mô tả nhằm mô tả thông tin về các nguồn lực kết hợp các phương pháp thống kê khác nhau (phân tích phương sai (ANOVA), Chi-bình phương, phân tích biệt phân và tương quan chính tắc) để so sánh các chỉ tiêu giữa các nhóm hộ, đặc tính hóa các nhóm hộ với nhiều chỉ tiêu khác nhau và tìm ra yếu tố ảnh hưởng đến các nguồn thu nhập. Kết quả nghiên cứu cho thấy các nhóm hộ (nghèo, trung bình và khá) khác nhau rất rõ trên các nguồn lực sinh kế. Hộ khá hơn có nguồn nhân lực, đất sản xuất nông nghiệp (ruộng và vườn), phương tiện sống và tạo thu nhập, nguồn lực tài chính và nối kết xã hội cao hơn. Điều này tạo điều kiện cho hộ khá hơn đa dạng nguồn thu nhập (nông nghiệp và phi nông nghiệp) và thu nhập cao hơn; trong khi đó, hộ trung bình có thu nhập chỉ phụ thuộc chủ yếu vào nông nghiệp và hộ nghèo phụ thuộc chủ yếu vào làm thuê nghề có kỹ năng thấp. Các yếu tố quan trọng ảnh hưởng đến thu nhập của nông hộ Khmer là lao động nông nghiệp, lao động làm thuê, lao động có trình độ học vấn cấp 3 và trình độ nghề, diện tích đất sản xuất nông nghiệp, phương tiện vận chuyển, thông tin và tham gia đoàn thể địa phương. Giải pháp ngắn hạn để cải thiện thu nhập và sinh kế cho hộ nghèo Khmer là các hệ thống nông nghiệp cần diện tích nhỏ và dễ làm đồng thời nâng cao kỹ năng nghề phi nông nghiệp. Giải pháp lâu dài đối với nhóm này là phát triển chất lượng nguồn nhân lực. Đề án tái cơ cấu nông nghiệp và nông nghiệp ứng dụng công nghệ cao chỉ phù hợp cho hộ khá và trung bình.</subfield>
  </datafield>
  <datafield tag="650" ind1=" " ind2=" ">
   <subfield code="a">Agriculture,Nông nghiệp</subfield>
  </datafield>
  <datafield tag="650" ind1=" " ind2=" ">
   <subfield code="x">Economic aspects,Khía cạnh kinh tế</subfield>
  </datafield>
  <datafield tag="650" ind1=" " ind2=" ">
   <subfield code="z">Vietnam,Việt Nam</subfield>
  </datafield>
  <datafield tag="910" ind1=" " ind2=" ">
   <subfield code="c">Qhieu</subfield>
  </datafield>
  <datafield tag="980" ind1=" " ind2=" ">
   <subfield code="a">Trung tâm Học liệu Trường Đại học Cần Thơ</subfield>
  </datafield>
 </record>
</collection>
